000 00399nam a2200145Ia 4500
008 210324s9999||||xx |||||||||||||| ||und||
040 _cSTCPL
041 _hMAL
082 _a894.812 2
_bRAM-J
245 0 _aJathakam marunnu
_hജാതകം മാറുന്നു
260 _aKottayam
_bSahitya Pravarthaka Co-Operative Society Ltd.,
_c1973
300 _a93
650 _aGeneral
942 _cBK
999 _c21732
_d21732